Country Shapes by the Top Half #2 - Statistics

General Stats
  • This quiz has been taken 20 times
  • The average score is 13 of 16
Answer Stats
Picture Answer % Correct
Canada
100%
Russia
100%
Afghanistan
94%
Cuba
94%
Libya
94%
Mozambique
94%
Brazil
88%
Papua New Guinea
88%
Guatemala
82%
Iraq
82%
Vietnam
82%
Niger
71%
Ethiopia
59%
North Korea
59%
Bolivia
47%
Liberia
35%
No matching quizzes found
Score Distribution
Percent of People with Each Score
Percentile by Number Answered
Your Score History
You have not taken this quiz